Bienvenue à la Médiathèque de Saint-Andiol
banniere
Accueil Recherche avancée Mon compte
handi1 Rechercher dans le catalogue

Filtre   Mots-clés
  Recherche avancée
 
Lister les dernières nouveautés
 
Lister les livres GROS CARACTERES
 
Lister les périodiques (magazines)

handi1 Fontaine aux violettes (La)

<< Retourner aux résultats de la recherche
Book Cover
Auteur principal : Françoise Bourdon
Titre : Fontaine aux violettes (La)
Support : Livres
Langue : Francais
Publié : 2020 Feryane Versailles
Genre : Roman
Collection : Roman
Sujets :
Étiquettes :
Pas de tags
LEADER 01033nam0a2200205 450
001 16868117
010 |a 978-2-36360-579-5  |b br.  |d 23 € 
100 |a 20200108d2020 u u0frey01 ba 
101 0 |a fre 
102 |a FR 
200 0 |a Fontaine aux violettes (La)  |f Françoise Bourdon 
207 1 |a   
210 |a Versailles  |c Feryane  |d 2020 
215 |a 1 vol. (448 p.)  |d 25 x 16 cm 
225 1 |a Roman  |i Corps 16  |x 1292-4113 
330 |a De 1875 aux années 1920, de Tourrettes-sur-Loup, dans les Alpes-Maritimes, au Paris des Années folles, le destin de quatre générations de femmes indépendantes. Rosine, mère célibataire, devient courtisane à Paris, Eloïse, sa fille, couturière à Lyon, et Emma, la fille d'Eloïse, une modiste réputée. Quant à Béatrice, la fille d'Emma, nez pour Coco Chanel, elle retourne sur la terre familiale. 
700 0 |a Bourdon  |b Françoise  |f 1953-....  |4 70 
900 |a Roman 
901 |a Adultes 
995 |a Médiathèque  |c Médiathèque  |f 00156012344719  |h 00156012344719  |k R BOU  |o p  |q a  |r az  |e MédiathèqueÂ